[Event "AUTO-ADV-2809"]
[Site "http://www.queenalice.com/game.php?id=1168124"]
[Date "2013.4.4"]
[Round "1"]
[White "Antero"]
[Black "Thorn985"]
[Result "1-0"]
[WhiteElo "1777"]
[BlackElo "1719"]

1. e4 c5 2. Nf3 Nc6 3. c3 Nf6 4. d3 d6 5. h3 g6 6. Be3 Bg7 7. Nbd2 O-O 8. Qc1 e5
9. Be2 d5 10. Bxc5 Re8 11. O-O dxe4 12. dxe4 Be6 13. Rd1 Nd7 14. Bd6 Nb6 15. Nb3
Nc4 16. Bxe5 Qxd1+ 17. Bxd1 N6xe5 18. Nxe5 Bxe5 19. Nd4 Rad8 20. Nxe6 Rxe6 21.
Qg5 Nxb2 22. Qxd8+ Kg7 23. Bb3 Rd6 24. Qe7 1-0

[Event "AUTO-ADV-2809"]
[Site "http://www.queenalice.com/game.php?id=1168125"]
[Date "2013.4.4"]
[Round "1"]
[White "Thorn985"]
[Black "Antero"]
[Result "0-1"]
[WhiteElo "1765"]
[BlackElo "1720"]

1. d4 d5 2. c4 e6 3. Nf3 c5 4. cxd5 Qxd5 5. Nc3 Qd6 6. e4 a6 7. e5 Qc6 8. dxc5
Bxc5 9. Nd4 Bxd4 10. Qxd4 Ne7 11. f3 b5 12. Bd3 Nf5 13. Be4 Nxd4 14. Bxc6+ Nbxc6
15. O-O Nxe5 16. Be3 Nc2 0-1

[Event "AUTO-ADV-2809"]
[Site "http://www.queenalice.com/game.php?id=1168134"]
[Date "2013.4.4"]
[Round "1"]
[White "RDario"]
[Black "Thorn985"]
[Result "0-1"]
[WhiteElo "1901"]
[BlackElo "1694"]

1. c4 Nf6 2. Nf3 g6 3. Nc3 Bg7 4. g3 O-O 5. Bg2 d5 6. cxd5 Nxd5 7. Qb3 Nxc3 8.
bxc3 Nc6 9. O-O b6 10. Nd4 Bxd4 11. Bxc6 Be6 12. Qd1 Bd5 13. Bxa8 Bxa8 14. cxd4
Qd5 15. f3 Qxd4+ 16. Kg2 Qxa1 17. Qc2 Qe5 18. e4 Bb7 19. Bb2 Qb5 20. d4 Ba6 21.
Rf2 c6 22. Qc3 Qc4 23. Rc2 Qf1# 0-1

[Event "AUTO-ADV-2809"]
[Site "http://www.queenalice.com/game.php?id=1168135"]
[Date "2013.4.4"]
[Round "1"]
[White "Thorn985"]
[Black "RDario"]
[Result "0-1"]
[WhiteElo "1732"]
[BlackElo "1880"]

1. d4 c6 2. e4 d6 3. Nc3 h6 4. f4 Nd7 5. Be3 Ngf6 6. e5 Nd5 7. Nxd5 cxd5 8. Bb5
Qa5+ 9. c3 Qxb5 10. Qc2 dxe5 11. a4 Qc4 12. b3 Qc7 13. fxe5 Nxe5 14. dxe5 Qxe5
15. Qd2 Bf5 16. O-O-O e6 17. Nf3 Ba3+ 0-1

[Event "Challenge"]
[Site "http://www.queenalice.com/game.php?id=1169449"]
[Date "2013.4.8"]
[Round "-"]
[White "Thorn985"]
[Black "Eggchaser"]
[Result "0-1"]
[WhiteElo "1707"]
[BlackElo "1786"]

1. d4 Nf6 2. c4 c5 3. d5 b5 4. cxb5 a6 5. bxa6 g6 6. Nc3 Bxa6 7. Nf3 d6 8. g3
Bg7 9. Bg2 Nbd7 10. Rb1 Nb6 11. Qb3 O-O 12. O-O Bc4 13. Qd1 Nbxd5 14. Nxd5 Bxd5
15. Ng5 Bxg2 16. Kxg2 Rxa2 17. b4 cxb4 18. Rxb4 Qa8+ 19. f3 Nd5 20. Rb5 Nc3 21.
Qd3 Nxb5 22. Qxb5 Qa6 23. Qxa6 Rxa6 24. Be3 Ra2 25. Kf2 Rc8 26. Re1 Rcc2 27. Ne4
f5 28. Nd2 Bc3 29. Rd1 Bxd2 30. Bxd2 Rxd2 31. Rxd2 Rxd2 32. h4 Kf7 0-1

[Event "Challenge"]
[Site "http://www.queenalice.com/game.php?id=1171794"]
[Date "2013.4.15"]
[Round "-"]
[White "thiagobrumchess"]
[Black "Thorn985"]
[Result "0-1"]
[WhiteElo "1676"]
[BlackElo "1857"]

1. e4 c5 2. Nf3 g6 3. c3 Bg7 4. d4 cxd4 5. cxd4 d5 6. e5 Bg4 7. Be2 Nc6 8. O-O
Nh6 9. h3 Bf5 10. Nc3 f6 11. exf6 exf6 12. Re1 O-O 13. a3 Nf7 14. Bd3 Qd7 15.
Nh4 Be6 16. Qf3 Nxd4 17. Qd1 f5 18. Nf3 Nxf3+ 19. gxf3 Ng5 20. Bxg5 f4 21. Bb5
Qc8 22. Nxd5 Bxd5 23. Qxd5+ Kh8 24. Re7 Rf5 25. Qxb7 Rxg5+ 26. Kh2 Qxb7 27. Rxb7
Bxb2 28. Ra2 Bc3 29. Rc2 Be1 30. Rcc7 Rh5 31. Rg7 Bxf2 32. Bc4 Bd4 33. Rxa7 Bxa7
34. a4 Kxg7 35. Bd3 Rg5 36. Be4 Rd8 37. h4 Rg3 38. h5 Rd2+ 39. Kh1 Rh3# 0-1

[Event "AUTO-INT-2569"]
[Site "http://www.queenalice.com/game.php?id=1175066"]
[Date "2013.4.25"]
[Round "2"]
[White "MacumbaH"]
[Black "Thorn985"]
[Result "0-1"]
[WhiteElo "1763"]
[BlackElo "1778"]

1. d4 Nf6 2. Nc3 d5 3. f3 Bf5 4. Bg5 Nbd7 5. e3 e6 6. Bd3 Bxd3 7. Qxd3 Be7 8. e4
c5 9. Bxf6 Nxf6 10. dxc5 Bxc5 11. e5 Nd7 12. f4 Qb6 13. O-O-O Be3+ 14. Kb1 Bxf4
15. Nf3 Bxe5 16. Nxe5 Nxe5 17. Qg3 Ng6 18. Rhe1 O-O 19. h4 Qb4 20. h5 Qf4 21.
Qd3 Ne5 22. Qe2 Nc4 23. b3 Na3+ 24. Kb2 Qb4 25. Qe3 Nc4+ 0-1

[Event "AUTO-INT-2569"]
[Site "http://www.queenalice.com/game.php?id=1175067"]
[Date "2013.4.25"]
[Round "2"]
[White "Thorn985"]
[Black "MacumbaH"]
[Result "1-0"]
[WhiteElo "1760"]
[BlackElo "1800"]

1. d4 d6 2. e4 Nf6 3. Nc3 b6 4. g3 Bb7 5. Bg2 g6 6. Bg5 Bg7 7. Qe2 O-O 8. Nf3
Re8 9. O-O c6 10. Rfd1 Ba6 11. Qe3 Nfd7 12. e5 h6 13. Bxh6 dxe5 14. dxe5 e6 15.
Ne4 Qc7 16. Nd6 Bxh6 17. Qxh6 Re7 18. Ng5 f6 19. exf6 Nxf6 20. Qxg6+ 1-0

[Event "AUTO-INT-2569"]
[Site "http://www.queenalice.com/game.php?id=1175070"]
[Date "2013.4.25"]
[Round "2"]
[White "Thorn985"]
[Black "Peppone"]
[Result "1-0"]
[WhiteElo "1903"]
[BlackElo "1796"]

1. d4 Nf6 2. c4 e6 3. Nc3 Nc6 4. e4 Be7 5. Nf3 O-O 6. Bd3 Nb4 7. a3 Nxd3+ 8.
Qxd3 b6 9. e5 Ne8 10. O-O Ba6 11. d5 exd5 12. Nxd5 Bc5 13. Bg5 f6 14. exf6 Nxf6
15. b4 Bd6 16. Rfe1 Rf7 17. Bxf6 gxf6 18. Nd4 Be5 19. f4 Bxd4+ 20. Qxd4 c6 21.
Ne3 d6 22. Rad1 Qe7 23. Nf5 Qd7 24. Nh6+ Kg7 25. Nxf7 Kxf7 26. b5 cxb5 27. Qd5+
1-0

[Event "AUTO-INT-2569"]
[Site "http://www.queenalice.com/game.php?id=1175071"]
[Date "2013.4.25"]
[Round "2"]
[White "Peppone"]
[Black "Thorn985"]
[Result "1-0"]
[WhiteElo "1314"]
[BlackElo "1818"]

1. e4 c5 2. Nf3 d6 3. Be2 Nf6 4. O-O Nc6 5. Nc3 e5 6. d3 Be7 7. Bd2 O-O 8. Be3
Nd4 9. Re1 Be6 10. Ng5 Bd7 11. Nf3 a5 12. Nd5 Nxd5 13. exd5 Qb6 14. c3 Nxf3+ 15.
Bxf3 Qxb2 16. Rb1 Qxc3 17. Rxb7 Rfd8 18. Be4 Rab8 19. Bd2 Qa3 20. Qb3 Qxb3 21.
Rxb3 a4 22. Rbb1 Rxb1 23. Rxb1 f5 24. Bf3 g5 25. Rb7 Kf7 26. Ba5 Bc8 27. Rb8 Rf8
28. Bh5+ Kf6 29. Ra8 Bb7 30. Rxf8+ Bxf8 31. Bf3 g4 32. Bd1 Bxd5 33. Bxa4 Bxa2
34. Kf1 c4 35. dxc4 Bxc4+ 36. Ke1 1-0

[Event "Challenge"]
[Site "http://www.queenalice.com/game.php?id=1178447"]
[Date "2013.5.4"]
[Round "-"]
[White "Thorn985"]
[Black "denisaugusto09"]
[Result "1-0"]
[WhiteElo "1841"]
[BlackElo "1840"]

1. d4 g6 2. e4 d5 3. exd5 Qxd5 4. Nc3 Qe6+ 5. Be3 Nf6 6. Nf3 Bg7 7. Ng5 Qb6 8.
Rb1 O-O 9. b3 Qa5 10. b4 Qf5 11. Bd3 Qg4 12. Qxg4 Bxg4 13. h3 Be6 14. Nxe6 fxe6
15. Ne4 Nc6 16. Ng5 Rad8 17. Nxe6 Nd5 18. Nxd8 Rxd8 19. c3 Nxc3 20. Rb3 Nxa2 21.
Bc4+ Kf8 22. b5 Nxd4 23. Bxd4 Rxd4 24. Rf3+ Bf6 25. Bxa2 Rb4 26. Rb3 Ra4 27. Bb1
Ra1 28. O-O Ra4 29. Rc1 Be5 30. Rf3+ Kg7 31. g3 Rb4 32. Bd3 Rd4 33. Ra1 Rxd3 34.
Rxd3 Bxa1 35. Rd7 c5 36. Rxe7+ Kh6 37. Rxb7 a5 38. bxa6 c4 39. a7 c3 40. a8=Q
Bb2 41. Rb5 c2 42. Qf8+ Bg7 43. Qf4+ g5 44. Qxg5# 1-0

[Event "Challenge"]
[Site "http://www.queenalice.com/game.php?id=1178848"]
[Date "2013.5.5"]
[Round "-"]
[White "Andrei_78"]
[Black "Thorn985"]
[Result "1-0"]
[WhiteElo "1733"]
[BlackElo "1862"]

1. e4 c5 2. c4 Nc6 3. a3 g6 4. Nf3 d6 5. h3 Bg7 6. Bd3 Nf6 7. O-O O-O 8. Nc3 a6
9. Qe2 e6 10. Qe3 b6 11. Be2 d5 12. exd5 exd5 13. cxd5 Nxd5 14. Nxd5 Qxd5 15. d3
Bd4 16. Qf4 Re8 17. Bd1 Bf5 18. Bc2 Re2 19. Nxd4 Nxd4 20. Bd1 Bxd3 21. Be3 Rxb2
22. Bf3 Qxf3 23. Qxf3 Nxf3+ 24. gxf3 Bxf1 25. Kxf1 Rc8 26. a4 c4 27. Kg2 b5 28.
axb5 axb5 29. Rc1 c3 30. Rd1 b4 31. Rc1 c2 32. Ra1 Rb1 33. Ra4 b3 34. Rb4 1-0

[Event "EUA x Brasil"]
[Site "http://www.queenalice.com/game.php?id=1179796"]
[Date "2013.5.9"]
[Round "-"]
[White "Thorn985"]
[Black "gomestrovao"]
[Result "1/2-1/2"]
[WhiteElo "1885"]
[BlackElo "1762"]

1. d4 d5 2. c4 Nf6 3. Nf3 h6 4. g3 Nc6 5. e3 Bg4 6. cxd5 Nxd5 7. Nbd2 e6 8. Bb5
Bxf3 9. Nxf3 Bd6 10. e4 Nb6 11. Bxc6+ bxc6 12. Qc2 Qd7 13. O-O O-O 14. Be3 Rab8
15. Ne5 Bxe5 16. dxe5 f6 17. exf6 Rxf6 18. e5 Rf5 19. Rfd1 Qe8 20. Rac1 Rxe5 21.
Qxc6 Qxc6 22. Rxc6 Rb7 23. Bf4 Rb5 24. Rd2 Nd5 25. Rxe6 Nxf4 26. gxf4 Rxb2 27.
Rxb2 Rxb2 28. Ra6 Rb7 29. Kg2 c5 30. Kf3 c4 31. Rc6 Rb4 32. Ra6 Rb7 33. Rc6 Rb4
1/2-1/2

[Event "Challenge"]
[Site "http://www.queenalice.com/game.php?id=1180182"]
[Date "2013.5.10"]
[Round "-"]
[White "Eggchaser"]
[Black "Thorn985"]
[Result "0-1"]
[WhiteElo "1931"]
[BlackElo "1801"]

1. Nf3 d5 2. c4 Be6 3. Nd4 Nf6 4. Nxe6 fxe6 5. e3 g6 6. b3 Bg7 7. Bb2 O-O 8. Be2
c5 9. d4 Nc6 10. dxc5 Qa5+ 11. Bc3 Qxc5 12. O-O Qd6 13. Bb2 Ng4 0-1

[Event "Challenge"]
[Site "http://www.queenalice.com/game.php?id=1181288"]
[Date "2013.5.14"]
[Round "-"]
[White "Thorn985"]
[Black "betofortaleza"]
[Result "1-0"]
[WhiteElo "1844"]
[BlackElo "1889"]

1. d4 d6 2. e4 e5 3. dxe5 dxe5 4. Qxd8+ Kxd8 5. Bc4 f6 6. Be3 Ne7 7. Nc3 a6 8.
Nge2 Nbc6 9. Rd1+ Ke8 10. O-O b5 11. Bb3 Bb7 12. f4 h5 13. Be6 Rd8 14. a3 exf4
15. Bxf4 Ne5 16. Bxe5 Rxd1 17. Rxd1 fxe5 18. Bd7+ Kf7 19. Rf1+ Kg6 20. Kh1 Kh6
21. Rf7 Ng6 22. Ng3 Bd6 23. Nf5+ Kh7 24. Rxg7# 1-0

[Event "Challenge"]
[Site "http://www.queenalice.com/game.php?id=1187405"]
[Date "2013.6.3"]
[Round "-"]
[White "ymfrancois"]
[Black "Thorn985"]
[Result "0-1"]
[WhiteElo "1950"]
[BlackElo "1866"]

1. d4 Nf6 2. c4 e6 3. Bg5 h6 4. Bxf6 Qxf6 5. a3 b6 6. Nc3 Bb7 7. e4 c5 8. d5 Bd6
9. Nf3 O-O 10. Qc1 Bf4 11. Qc2 Na6 12. Be2 b5 13. b3 exd5 14. exd5 b4 15. Ne4
Qxa1+ 16. Bd1 bxa3 17. O-O Nb4 18. Qe2 a2 19. Bc2 Qb2 0-1

[Event "AUTO-INT-2564"]
[Site "http://www.queenalice.com/game.php?id=1207042"]
[Date "2013.8.10"]
[Round "2"]
[White "cranioque"]
[Black "Thorn985"]
[Result "1-0"]
[WhiteElo "1739"]
[BlackElo "1915"]

1. e4 c5 2. Bc4 e6 3. d3 d5 4. exd5 exd5 5. Bb3 Nf6 6. h3 Bf5 7. Qf3 Be6 8. Ne2
Nc6 9. Bg5 Be7 10. Bxf6 Bxf6 11. O-O Bxb2 12. Nbc3 Bxa1 13. Rxa1 1-0

[Event "AUTO-INT-2564"]
[Site "http://www.queenalice.com/game.php?id=1207043"]
[Date "2013.8.10"]
[Round "2"]
[White "Thorn985"]
[Black "cranioque"]
[Result "0-1"]
[WhiteElo "1892"]
[BlackElo "1762"]

1. d4 e6 2. c4 Qf6 3. Nf3 Nc6 4. Bg5 Qf5 5. Nc3 h6 6. Nb5 Bb4+ 7. Bd2 Bxd2+ 8.
Nxd2 Kd8 9. e4 Qf6 10. Nf3 a6 11. Nc3 d6 12. e5 Qf5 13. Bd3 Qg4 0-1

[Event "AUTO-INT-2564"]
[Site "http://www.queenalice.com/game.php?id=1207044"]
[Date "2013.8.10"]
[Round "2"]
[White "Vermelho"]
[Black "Thorn985"]
[Result "1-0"]
[WhiteElo "2081"]
[BlackElo "1871"]

1. e4 e6 2. Nf3 d5 3. e5 c5 4. b4 cxb4 5. d4 Nc6 6. g3 Qa5 7. Bd2 b6 8. a3 Qa4
9. Bg2 Be7 10. O-O bxa3 11. c4 Qxc4 12. Nxa3 Bxa3 13. Rxa3 Nxd4 14. Rc3 1-0

[Event "AUTO-INT-2564"]
[Site "http://www.queenalice.com/game.php?id=1207045"]
[Date "2013.8.10"]
[Round "2"]
[White "Thorn985"]
[Black "Vermelho"]
[Result "0-1"]
[WhiteElo "1863"]
[BlackElo "2089"]

1. d4 d5 2. c4 c6 3. Nf3 Nf6 4. e3 Bg4 5. h3 Bxf3 6. Qxf3 g6 7. Nc3 Bg7 8. Bd3
O-O 9. O-O Re8 10. Bd2 e5 11. dxe5 Rxe5 12. Rfd1 d4 0-1